000
00347nam a2200145Ia 4500
003
OSt
005
20240312094838.0
008
170524s9999 xx 000 0 und d
020
_a
9789352718603
040
_c
iimtu
100
_a
MAHESHWARI-S N
245
3
_a
AN INTRODUCTIONTO ACCOUNTANCY
260
_b
VIKAS PUB. HOUSE NEW DELHI
942
_2
ddc
_c
02
999
_c
8148
_d
8148